| 000 | 01020nam a22002777a 4500 | ||
|---|---|---|---|
| 003 | CHAP | ||
| 005 | 20220329140652.0 | ||
| 008 | 971013s1906 r 00010 d | ||
| 010 | _a55735 | ||
| 011 | _a56707 | ||
| 035 | _a60860 | ||
| 040 | _cCHAP | ||
| 082 |
_a349.726 _bY6 |
||
| 100 |
_aYucatán. Leyes, decretos, etc. _9175438 |
||
| 245 |
_aTextos _b: Constitución política del estado. Ley constitucional para el gobierno interior de los pueblos. Ley orgánica de los tribunales. Ley orgánica del ministerio público. Reglamento de la ley orgánica de tribunales |
||
| 260 |
_aMérida : _bImprenta de la Lotería del Estado, _c1906 |
||
| 300 | _a240 p. | ||
| 590 |
_aBATCH-UPD _b10 _c20130110 _lUCH01 _h2341 |
||
| 590 |
_aBATCH-UPD _b10 _c20130410 _lUCH01 _h1629 |
||
| 590 |
_aBATCH-UPD _b10 _c20130914 _lUCH01 _h2140 |
||
| 590 |
_aCONVERSION _b10 _c20130109 _lUCH01 _h1330 |
||
| 650 | 1 | 4 |
_aYucatán _xConstitución. _9123318 |
| 901 | _aBK | ||
| 942 | _cLIBRO | ||
| 949 |
_a349.726 Y6 _bBC _cBPP _d-130945 _eBPP _i60860 _si |
||
| 999 |
_c55735 _d55735 |
||